| 000 | 01847cam a2200409 a 4500 | ||
|---|---|---|---|
| 001 | 85776 | ||
| 005 | 20230410105153.0 | ||
| 008 | 070828s2007 is a b 001 0 eng d | ||
| 010 | _a 2007557354 | ||
| 035 | _a(OCoLC)ocn159939912 | ||
| 040 |
_aLHM _cLHM _dDLC _dBTCTA _dGZM _dUMC |
||
| 020 | _a9789653380691 | ||
| 020 | _a9653380699 | ||
| 035 | _a(OCoLC)159939912 | ||
| 041 | 1 |
_aeng _ager _hger |
|
| 042 | _alccopycat | ||
| 043 |
_ae-gr--- _ae-gx--- |
||
| 050 | 1 | 4 |
_aD 804.3 _bG373 2007 |
| 082 | 0 | 0 | _a940.5318 |
| 245 | 0 | 0 |
_aGerman Foreign Office documents on the Holocaust in Greece (1937-1944) / _ccompiled, translated and annotated with an introduction by Irith Dublon-Knebel. |
| 260 |
_a[Tel Aviv] : _bChair for the History and Culture of the Jews of Salonika and Greece : _bThe Goldstein-Goren Diaspora Research Center, Tel Aviv University, _c2007. |
||
| 300 |
_a496 p. : _bill. ; _c25 cm. |
||
| 490 | 1 |
_aPublication of the Goldstein-Goren Diaspora Research Center ; _vbk. 176 |
|
| 490 | 1 |
_aPublication of the Chair for the History and Culture of the Jews of Salonika and Greece ; _vbk. 7 (new ser.) |
|
| 546 | _aEnglish translations or summaries of accompanying facsim. documents in German. | ||
| 504 | _aIncludes bibliographical references (p. 469-473) and indexes. | ||
| 650 | 0 |
_aHolocaust, Jewish (1939-1945) _zGreece _vSources. |
|
| 610 | 1 | 0 |
_aGermany. _bAuswartiges Amt _vSources. |
| 650 | 4 | _aHolocausto judío (1939-1945). | |
| 700 | 1 | _aDublon-Knebel, Irith. | |
| 830 | 0 |
_aPirsume ha-Merkaz le-òheòker ha-tefutsot °a. sh. Goldshòtain-Goren ; _vsefer 176. |
|
| 830 | 0 |
_aPirsume ha-òKatedrah le-òheòker ha-hisòtoryah òveha-tarbut shel Yehude âSaloniòki òve-Yòvan ; _vsidrah òhadashah, sefer 7. |
|
| 938 |
_aBaker and Taylor _bBTCP _n2007557354 |
||
| 942 |
_2lcc _cbk |
||
| 946 | _amm | ||
| 994 |
_aC0 _bDRFGD |
||
| 999 |
_c31444 _d31444 |
||